Cargando...

Fruit Crops

Detalles Bibliográficos
Autor Principal: Radha,T
Outros autores: Peter, K.V. ed, Lila Mathew, Ajith Kumar K.
Formato: Printed Book
Publicado: New Delhi New India Publishing Agency 2019
Edición:2. rev
Subjects:
LEADER 01026nam a2200277Ia 4500
003 OSt
999 |c 6873  |d 6873 
020 |a 8189422464 
020 |a 9789389130034 
082 |a 634  |b RAD/FR 
100 |a Radha,T. 
245 |a Fruit Crops 
250 |a 2. rev 
260 |a New Delhi  |b New India Publishing Agency  |c 2019 
300 |a xxii, 408p. 
546 |a English 
650 |a Horticulture 
650 |a Fruit 
650 |a Fruit-culture.  
700 |a Peter, K.V. ed 
700 |a Lila Mathew  
700 |a Ajith Kumar K. 
942 |2 ddc  |c BK 
952 |0 0  |1 0  |2 ddc  |4 0  |6 634_000000000000000_RADFR  |7 0  |9 7999  |a KAUCLV  |b KAUCLV  |c GENERAL  |d 2014-03-18  |l 18  |m 1  |o 634 RAD/FR  |p 214693  |r 2020-02-13  |s 2020-02-13  |w 2014-03-18  |y BK 
952 |0 0  |1 0  |2 ddc  |4 0  |6 634_000000000000000_RAD_FR  |7 0  |8 REF  |9 201836  |a KAUCLV  |b KAUCLV  |c REF  |d 2020-07-13  |g 5400.00  |o 634 RAD/FR  |p 230527  |r 2020-07-13  |w 2020-07-13  |y REF 
952 |0 0  |1 0  |2 ddc  |4 0  |6 634_000000000000000_RAD_FR  |7 0  |8 REF  |9 202506  |a KAUCLV  |b KAUCLV  |c REF  |d 2020-11-17  |g 5400.00  |o 634 RAD/FR  |p 811500  |r 2020-11-17  |y REF